| 000 | 00530nam a22001937a 4500 | ||
|---|---|---|---|
| 003 | OSt | ||
| 005 | 20140310182001.0 | ||
| 008 | 121120t xxu||||| |||| 00| 0 eng d | ||
| 020 | _a0340736380 | ||
| 050 |
_aPZ 7 _b.C873 2000 |
||
| 082 |
_aKF _bC83m 2000 |
||
| 245 |
_aThe Science Project of Doom _cBruce Coville ; illustated by: Paul Davies |
||
| 260 |
_aGreat Britain _bHodder Children's Books _c2000 |
||
| 300 |
_g17 cm. _a166 p. : _bill. ; |
||
| 521 | _aFaculty. | ||
| 541 | _j1 | ||
| 562 | _e1 | ||
| 942 |
_2lcc _cBK-KF _kKF |
||
| 999 |
_c7998 _d7998 |
||